Revista Universitaria : (Record no. 21751)

000 -CABECERA
fixed length control field 02738nam a22003737a 4500
003 - IDENTIFICADOR DEL NÚMERO DE CONTROL
control field AR-CdUCM
008 - DATOS DE LONGITUD FIJA--INFORMACIÓN GENERAL
fixed length control field 190425b ||||| |||| 00| 0 spa d
040 ## - FUENTE DE LA CATALOGACIÓN
Agencia/entidad que catalogó originalmente la obra MUNICIPALIDAD PROVINCIAL DEL CUSCO
Entidad que transcribió la catalogación BIBLIOTECA MUNICIPAL DEL CUSCO
082 ## - NÚMERO DE LA CLASIFICACIÓN DECIMAL DEWEY
No. de Clasificación Rev.Univ/N°97/1949
Notacion interna Rev.Univ/N°97/1949
110 ## - ENTRADA PRINCIPAL--NOMBRE DE ENTIDAD CORPORATIVA
Nombre de la institución, jurisdicción como entrada principal Universidad Nacional de San Antonio Abad del Cusco
9 (RLIN) 15942
245 ## - MENCIÓN DE TÍTULO
Título Revista Universitaria :
Resto del título Órgano de la Universidad del Cuzco /
260 ## - PUBLICACIÓN, DISTRIBUCIÓN, ETC.
Lugar de publicación, distribución, etc. Cusco :
Nombre de la editorial, distribuidor, etc. H.G. Rozas,
Fecha de publicación, distribución, etc. 1949.
300 ## - DESCRIPCIÓN FÍSICA
Nº de Páginas Extensión 452 páginas. :
Dimensiones 20 cm.
440 ## - MENCIÓN DE SERIE/PUNTO DE ACCESO ADICIONAL--TÍTULO
Título Revista Universitaria
Número de la parte/sección de una obra Año XXXVIII, 2° semestre 1949, N°97.
9 (RLIN) 45963
505 ## - NOTA DE CONTENIDO CON FORMATO
Nota de contenido formateada Contenido: Exposición de motivos del proyecto de ley sobre acumulación facultativa y juicio en contumacia. Francisco Ponce de León. -- Existencialismo filosófico. César Guardia Mayorga. -- ¿Es el socialismo de estado de los incas un precedente de los gobiernos totalitarios?. Julio C. Guerrero. -- Alimentación proteica en el Cuzco. Jorge Kuon Cabello. -- Chinchero un pueblo andino del Sur. Oscar Núñez del Prado. -- Un crimen en la casa de Bitoque. Ángel Carreño. -- Principios de la metodología pedagógica. Wilbert Salas Rodríguez. -- La compañía de Jesús en el Cuzco. Horacio Villanueva Urteaga. -- El inventario del Ccoricancha. Jorge Cornejo Bouroncle. -- Las cartas a Dios. Efraín Morote Best. -- Bolívar. Rafael Aguilar. -- Motivos argentinos peruanos poemas. Rafael Aguilar. -- Cuzco entrañable poemas. Rafael Aguilar. -- Algunas consideraciones sobre cocaismo. Octavio Sandoval. -- La thiosemicarbacida como reactivo de los selenitos y seleniatos. Oswaldo Baca Mendoza. -- Aloys Müller filosofo Alemán cumple setenta años. Marta Strasberger. -- Cesar Vallejo. Luis Eduardo Enríquez. -- Que despierte el leñador de Pablo Neruda. Eustaquio Kallata. -- Informe de la Junta Reorganizadora de la Universidad Nacional del Cuzco presento al señor Ministro de Estado en el despacho de educación pública. Crónica Universitaria. -- Necrología Julian Santisteban Ochoa.<br/>
650 ## - PUNTO DE ACCESO ADICIONAL DE MATERIA--TÉRMINO DE MATERIA
Descriptor Filosofía
9 (RLIN) 395
650 ## - PUNTO DE ACCESO ADICIONAL DE MATERIA--TÉRMINO DE MATERIA
Descriptor Chinchero
9 (RLIN) 30431
650 ## - PUNTO DE ACCESO ADICIONAL DE MATERIA--TÉRMINO DE MATERIA
Descriptor Qorikancha
9 (RLIN) 30993
650 ## - PUNTO DE ACCESO ADICIONAL DE MATERIA--TÉRMINO DE MATERIA
Descriptor Simón Bolívar
9 (RLIN) 1694
650 ## - PUNTO DE ACCESO ADICIONAL DE MATERIA--TÉRMINO DE MATERIA
Descriptor Cesar Vallejo
9 (RLIN) 45964
650 ## - PUNTO DE ACCESO ADICIONAL DE MATERIA--TÉRMINO DE MATERIA
Descriptor Pablo Neruda
9 (RLIN) 45965
650 ## - PUNTO DE ACCESO ADICIONAL DE MATERIA--TÉRMINO DE MATERIA
Descriptor Compañía de Jesús
9 (RLIN) 15260
650 ## - PUNTO DE ACCESO ADICIONAL DE MATERIA--TÉRMINO DE MATERIA
Descriptor Alimentación
9 (RLIN) 19429
700 ## - PUNTO DE ACCESO ADICIONAL--NOMBRE DE PERSONA
Nombre Personal Cornejo Bouroncle, Jorge
9 (RLIN) 15278
700 ## - PUNTO DE ACCESO ADICIONAL--NOMBRE DE PERSONA
Nombre Personal Morote Best, Efraín
9 (RLIN) 45956
700 ## - PUNTO DE ACCESO ADICIONAL--NOMBRE DE PERSONA
Nombre Personal Ponce de León, Francisco
9 (RLIN) 29819
700 ## - PUNTO DE ACCESO ADICIONAL--NOMBRE DE PERSONA
Nombre Personal Núñez del Prado, Oscar
9 (RLIN) 5531
700 ## - PUNTO DE ACCESO ADICIONAL--NOMBRE DE PERSONA
Nombre Personal Carreño, Ángel
9 (RLIN) 27901
700 ## - PUNTO DE ACCESO ADICIONAL--NOMBRE DE PERSONA
Nombre Personal Villanueva Urteaga, Horacio
9 (RLIN) 5790
700 ## - PUNTO DE ACCESO ADICIONAL--NOMBRE DE PERSONA
Nombre Personal Aguilar, Rafael
9 (RLIN) 17799
710 ## - PUNTO DE ACCESO ADICIONAL--NOMBRE DE ENTIDAD CORPORATIVA
Nombre corporativo (En letras Mayúsculas) Universidad Nacional de San Antonio Abad del Cusco
9 (RLIN) 15942
942 ## - ELEMENTOS DE PUNTO DE ACCESO ADICIONAL (KOHA)
Fuente de clasificación
Tipo de item Revistas cusqueñas
945 ## - PROCESAMIENTO DE INFORMACIÓN LOCAL (OCLC)
Catalogador rac
Holdings
Estado de retiro (separado) Fuente de clasificación o esquema de estanterías Estado dañado Ubicación Sala donde se ubica Nombre de la colección Fecha de adquisición o compra Costo, precio normal en soles Signatura topográfica Código de Barras Última vez visto (Koha) Tipo de ítem (Koha)
No     Sala Hemeroteca Sala Hemeroteca Book Cart 2021-07-02 10.00 Rev.Univ/N°97/1949 REVC000130 2021-07-02 Revistas cusqueñas

Powered by Koha